Η επιστήμη του βελτίστου κατά Σωκράτην
Αποθηκεύτηκε σε:
| Κύριος συγγραφέας: | |
|---|---|
| Μορφή: | Βιβλίο |
| Γλώσσα: | Greek |
| Δημοσίευση: |
ΑΘήναι :
[χ.ό.],
1957.
|
| Θέματα: | |
| Ετικέτες: |
Προσθήκη ετικέτας
Δεν υπάρχουν, Καταχωρήστε ετικέτα πρώτοι!
|
MARC
| LEADER | 00000cam a2200000 a 4500 | ||
|---|---|---|---|
| 001 | 1/118326 | ||
| 008 | 190329s1957####gr | ||| |||| ||gre|| | ||
| 040 | |a GR-MyUa |b gre |c GR-MyUa |e AACR2 | ||
| 041 | 0 | |a gre | |
| 082 | 7 | |a 183.2 |2 (23) | |
| 100 | 1 | |a Σταματιάδης, Πλάτων Β. | |
| 245 | 1 | 2 | |a Η επιστήμη του βελτίστου κατά Σωκράτην / |c Πλάτωνος Β. Σταματιάδη. |
| 260 | |a ΑΘήναι : |b [χ.ό.], |c 1957. | ||
| 300 | |a 181 σ. ; |c 26 εκ. | ||
| 500 | |a Περιέχει πίνακα κύριων ονομάτων και τυπογραφικών λαθών. | ||
| 504 | |a Περιλαμβάνει βιβλιογραφικές παραπομπές. | ||
| 600 | 0 | 7 | |2 nlgaf |a Σωκράτης, |d 469-399. |
| 650 | 0 | |a Philosophy, Ancient |x History. | |
| 650 | 0 | |a Philosophy, Ancient |x Study and teaching. | |
| 650 | 0 | |a Greek philosophy |x Study and teaching. | |
| 852 | |a INST |b RHODES |c AKA |e 20190329 |h 183.2 ΣΤΑ |p 005400040569 |q 005400040569 |t BK |y 0 | ||
| 970 | |a Μαρία |b Κωτάκου |z 29-03-2019 | ||